Arthur's April fool / Marc Brown.
It is April First which is a time for practical jokes and the April Fool’s Day school assembly. Before the assembly one boy threatens to pulverize Arthur, which makes Arthur so nervous that he forgets his tricks. The one trick Arthur wants to do now is make this boy disappear, but can he do it? He has a hilarious solution for his problem..
Record details
- ISBN: 0316111961
- ISBN: 9780316111966
- ISBN: 0316112348
- ISBN: 9780316112345
- ISBN: 9780808534242
- ISBN: 0808534246
- Physical Description: 32 unnumbered pages : chiefly color illustrations ; 27 cm
- Publisher: Boston : Little, Brown, ©1983.
Search for related items by subject
| Genre: | Juvenile works. Holiday April Fools Day Picture books. |
Search for related items by series
Available copies
- 1 of 1 copy available at scottsboropl.
Holds
- 0 current holds with 1 total copy.
Show Only Available Copies
| Location | Call Number / Copy Notes | Barcode | Shelving Location | Status | Due Date |
|---|---|---|---|---|---|
| scottsboropl | E Bro | 32269001206708 | Juvenile - Easy | Available | - |
| LDR | 04308cam a2201009 a 4500 | ||
|---|---|---|---|
| 001 | 160146 | ||
| 003 | SBPL | ||
| 005 | 20230306152348.0 | ||
| 008 | 820928s1983 maua j 000 1 eng | ||
| 010 | . | ‡a 82020368 | |
| 020 | . | ‡a0316111961 | |
| 020 | . | ‡a9780316111966 | |
| 020 | . | ‡a0316112348 ‡q(pbk.) | |
| 020 | . | ‡a9780316112345 ‡q(pbk.) | |
| 020 | . | ‡a9780808534242 | |
| 020 | . | ‡a0808534246 | |
| 035 | . | ‡a(OCoLC)8866754 ‡z(OCoLC)12199939 ‡z(OCoLC)25863007 ‡z(OCoLC)38878102 ‡z(OCoLC)428735419 ‡z(OCoLC)778263255 ‡z(OCoLC)1080751048 | |
| 050 | 0 | 0. | ‡aPZ7.B81618 ‡bAo 1983 |
| 082 | 0 | 4. | ‡a[E] ‡219 |
| 100 | 1 | . | ‡aBrown, Marc Tolon. : ‡eauthor |
| 245 | 1 | 0. | ‡aArthur's April fool / ‡cMarc Brown. |
| 260 | . | ‡aBoston : ‡bLittle, Brown, ‡c©1983. | |
| 300 | . | ‡a32 unnumbered pages : ‡bchiefly color illustrations ; ‡c27 cm | |
| 336 | . | ‡atext ‡btxt ‡2rdacontent | |
| 337 | . | ‡aunmediated ‡bn ‡2rdamedia | |
| 338 | . | ‡avolume ‡bnc ‡2rdacarrier | |
| 490 | 1 | . | ‡aArthur Adventure |
| 520 | . | ‡aIt is April First which is a time for practical jokes and the April Fool’s Day school assembly. Before the assembly one boy threatens to pulverize Arthur, which makes Arthur so nervous that he forgets his tricks. The one trick Arthur wants to do now is make this boy disappear, but can he do it? He has a hilarious solution for his problem.. | |
| 600 | 0. | ‡aArthur (Fictitious character : Brown) ‡vJuvenile fiction. | |
| 650 | 0. | ‡aBullying ‡vJuvenile fiction. | |
| 650 | 0. | ‡aApril Fools' Day ‡vJuvenile fiction. | |
| 650 | 0. | ‡aAardvark ‡vJuvenile fiction. | |
| 650 | 0. | ‡aMagic ‡vJuvenile fiction. | |
| 650 | 6. | ‡aIntimidation ‡vJuvenile fiction. | |
| 650 | 0. | ‡aHoliday | |
| 655 | 7. | ‡aJuvenile works. | |
| 655 | 7. | ‡aHoliday | |
| 655 | 7. | ‡aApril Fools Day | |
| 655 | 7. | ‡aPicture books. ‡2lcgft | |
| 830 | 0. | ‡aArthur Adventure. | |
| 901 | . | ‡a160146 ‡bAUTOGEN ‡c160146 ‡tbiblio | |